[Event "aut_chT04"]
[Site "Fuerstenfeld"]
[Date "2005.01.14"]
[Round "5"]
[Board "3"]
[White "Ganaus, Hannes"]
[Black "Kotz, Heinz Peter"]
[Result "1/2-1/2"]
[WhiteElo "2315"]
[BlackElo "2347"]
[PlyCount "106"]

1.d4 Nf6 2.c4 g6 3.Nc3 Bg7 4.e4 d6 5.f3 O-O 6.Be3 Nc6 7.Qd2 a6 8.Nge2 Rb8 9.Rc1
Bd7 10.Nd1 e5 11.d5 Ne7 12.b4 Ne8 13.Nf2 f5 14.g3 c6 15.Nc3 cxd5 16.cxd5 Nf6
17.Be2 Rc8 18.O-O Nh5 19.Nd3 f4 20.Bf2 fxg3 21.hxg3 Kh8 22.Kg2 Ng8 23.Be3 Rf7
24.Nb1 Qf8 25.Rxc8 Bxc8 26.Nc3 Bd7 27.Nb2 Ngf6 28.Nc4 Qe7 29.Rh1 Ne8 30.Nb6 Nc7
31.Nxd7 Qxd7 32.a4 Rf8 33.b5 axb5 34.Nxb5 Na6 35.Rc1 Ra8 36.Qc3 Nf6 37.Qa3 Bf8
38.Qb2 Kg8 39.Rc4 Qd8 40.Nc3 Qb8 41.a5 Nd7 42.Na4 Nac5 43.Nxc5 Nxc5 44.Bxc5 dxc5
45.Qb5 Qc7 46.Ra4 Bd6 47.Bc4 Kg7 48.Ra2 Kf6 49.a6 Rxa6 50.Rxa6 bxa6 51.Qxa6 Kg7
52.Qa4 Qe7 53.Qc6 Qc7

[Event "aut_chT04"]
[Site "Fuerstenfeld"]
[Date "2005.01.14"]
[Round "5"]
[Board "4"]
[White "Fahrner, Kurt"]
[Black "Franzen, Jozef"]
[Result "0-1"]
[WhiteElo "2339"]
[BlackElo "2390"]
[PlyCount "86"]

1.d4 Nf6 2.c4 d6 3.Nc3 c6 4.Bg5 Nbd7 5.Nf3 e5 6.e3 Be7 7.Qc2 a6 8.Be2 b5 9.O-O
O-O 10.Rfd1 Ne8 11.Bxe7 Qxe7 12.cxb5 cxb5 13.a4 bxa4 14.Nd5 Qd8 15.dxe5 Bb7
16.Nc3 Rc8 17.exd6 Rc6 18.Qxa4 Nxd6 19.Qa3 Qb8 20.Rd2 Nb6 21.Ne5 Ndc4 22.Nxc4
Nxc4 23.Bxc4 Rxc4 24.Rad1 Qe5 25.Qd6 Qg5 26.Nd5 Re4 27.f4 Qh4 28.g3 Qg4 29.Ne7+
Rxe7 30.Qxe7 Qf3 31.e4 Bxe4 32.Re1 Qh1+ 33.Kf2 Qxh2+ 34.Kf1 Qh1+ 35.Kf2 Qg2+
36.Ke3 Qxg3+ 37.Kd4 Qxe1 38.Rd3 f5 39.Kc5 Qa5+ 40.Kd6 Bxd3 41.Qe6+ Kh8 42.b4
Qxb4+ 43.Ke5 Qc5+

[Event "aut_chT04"]
[Site "Fuerstenfeld"]
[Date "2005.01.14"]
[Round "5"]
[Board "5"]
[White "Wallner, Joachim"]
[Black "Kastner, Walter"]
[Result "1-0"]
[WhiteElo "2278"]
[BlackElo "2240"]
[PlyCount "87"]

1.e4 c5 2.Nf3 a6 3.d4 cxd4 4.Nxd4 Nf6 5.Bd3 Nc6 6.Nxc6 dxc6 7.O-O e5 8.Nd2 Bd6
9.Nc4 Bc7 10.Bg5 h6 11.Bh4 Be6 12.Qf3 g5 13.Bg3 Bg4 14.Qe3 Nd7 15.Qd2 h5 16.Qc3
Qe7 17.h3 h4 18.Bh2 Bh5 19.Ne3 O-O-O 20.b4 Rdg8 21.Nf5 Qf6 22.f3 Bg6 23.Ne3 Bb6
24.Rae1 Qe7 25.Kh1 Bd4 26.Qb3 Bxe3 27.Rxe3 f6 28.a4 Bf7 29.Qb2 Nb6 30.Ra1 Rd8
31.b5 Qc5 32.Bg1 Qd4 33.Qa3 Qd6 34.Qxd6 Rxd6 35.bxa6 bxa6 36.Bxa6+ Kc7 37.a5 Nc4
38.Rc3 Nd2 39.Bd3 Rb8 40.Bb6+ Rxb6 41.axb6+ Kxb6 42.Kg1 Kb7 43.Kf2 Rd4 44.Rd1

[Event "aut_chT04"]
[Site "Fuerstenfeld"]
[Date "2005.01.14"]
[Round "5"]
[Board "1"]
[White "Boensch, Uwe"]
[Black "Bischoff, Klaus"]
[Result "1/2-1/2"]
[WhiteElo "2540"]
[BlackElo "2555"]
[PlyCount "42"]

1.d4 Nf6 2.c4 e6 3.Nc3 Bb4 4.Qc2 c5 5.dxc5 O-O 6.Nf3 Na6 7.g3 Nxc5 8.Bg2 Nce4
9.Bd2 Nxd2 10.Nxd2 a6 11.O-O Qc7 12.Rac1 Rb8 13.Nce4 Nxe4 14.Bxe4 f5 15.Bf3 b6
16.Rfd1 Be7 17.e3 Bb7 18.Qd3 Rbc8 19.Rc2 Rfd8 20.Rdc1 Bxf3 21.Nxf3 Qb7

[Event "aut_chT04"]
[Site "Fuerstenfeld"]
[Date "2005.01.14"]
[Round "5"]
[Board "2"]
[White "Prusikin, Michael"]
[Black "Schlosser, Philipp"]
[Result "1-0"]
[WhiteElo "2540"]
[BlackElo "2570"]
[PlyCount "79"]

1.d4 Nf6 2.c4 e6 3.g3 d5 4.Nf3 dxc4 5.Bg2 a6 6.O-O Nc6 7.Nc3 Rb8 8.e4 Be7 9.Qe2
b5 10.Rd1 Nb4 11.Ne1 O-O 12.a3 Nc6 13.d5 exd5 14.e5 Bg4 15.Bf3 Bxf3 16.Nxf3 Re8
17.exf6 Bxf6 18.Rxd5 Rxe2 19.Rxd8+ Rxd8 20.Nxe2 Rd1+ 21.Kg2 Na5 22.Ra2 Nb3
23.Bf4 c5 24.Nc3 Rd3 25.Ne4 Bd4 26.Nd6 f6 27.h4 Be5 28.Nxe5 Rxd6 29.Nxc4 Rd8
30.Nd6 Kf8 31.Nb7 Rd5 32.Bc7 Ke7 33.Na5 Nc1 34.Ra1 Nd3 35.b3 Kd7 36.Bb8 h5
37.Ra2 Kc8 38.Ba7 Rd7 39.Bb6 Rd6 40.Bxc5

[Event "aut_chT04"]
[Site "Fuerstenfeld"]
[Date "2005.01.14"]
[Round "5"]
[Board "3"]
[White "Stangl, Markus"]
[Black "Horvath, Jozsef"]
[Result "1/2-1/2"]
[WhiteElo "2478"]
[BlackElo "2514"]
[PlyCount "51"]

1.Nf3 Nf6 2.c4 e6 3.g3 d5 4.Bg2 Be7 5.O-O O-O 6.d4 c6 7.Qc2 Nbd7 8.Rd1 b6 9.b3
Ba6 10.Nbd2 c5 11.e4 dxc4 12.Nxc4 cxd4 13.Nxd4 Rc8 14.a4 Bxc4 15.bxc4 Qc7 16.Bf1
Qb7 17.f3 Bc5 18.Kg2 Ne5 19.Bb2 Nc6 20.Nxc6 Qxc6 21.Qd2 Nxe4 22.fxe4 Qxe4+
23.Kh3 Qf5+ 24.Kg2 Qe4+ 25.Kh3 Qf5+ 26.Kg2

[Event "aut_chT04"]
[Site "Fuerstenfeld"]
[Date "2005.01.14"]
[Round "5"]
[Board "4"]
[White "Pilaj, Herwig"]
[Black "Lehner, Oliver"]
[Result "1/2-1/2"]
[WhiteElo "2426"]
[BlackElo "2406"]
[PlyCount "36"]

1.Nf3 Nf6 2.d4 e6 3.c4 c5 4.e3 a6 5.Nc3 d5 6.dxc5 Bxc5 7.a3 O-O 8.b4 Bd6 9.Bb2
dxc4 10.Bxc4 b5 11.Bd3 Bb7 12.O-O Qe7 13.Qb1 Bxf3 14.gxf3 Nbd7 15.Ne4 Nxe4
16.Bxe4 Bxh2+ 17.Kxh2 Qh4+ 18.Kg2 Qg5+

[Event "aut_chT04"]
[Site "Fuerstenfeld"]
[Date "2005.01.14"]
[Round "5"]
[Board "5"]
[White "Weinzettl, Ernst"]
[Black "Hoelzl, Franz"]
[Result "1/2-1/2"]
[WhiteElo "2360"]
[BlackElo "2370"]
[PlyCount "60"]

1.e4 e5 2.Nf3 Nc6 3.Nc3 Nf6 4.d4 exd4 5.Nxd4 Bb4 6.Nxc6 bxc6 7.Bd3 d5 8.exd5 O-O
9.O-O cxd5 10.Bg5 c6 11.Qf3 Rb8 12.h3 h6 13.Bxh6 Bd6 14.Bg5 Rxb2 15.Ne2 c5 16.c4
dxc4 17.Bxc4 Bb7 18.Qa3 Rb4 19.Rac1 Be5 20.Qd3 Bb2 21.Qxd8 Rxd8 22.a3 Bxa3
23.Ra1 Bb2 24.Rxa7 Rd7 25.Bxf6 Bxf6 26.Ba6 Bxa6 27.Rxa6 Rd2 28.Ng3 Be5 29.Nf5
Kh7 30.Ra5 Bd4

[Event "aut_chT04"]
[Site "Fuerstenfeld"]
[Date "2005.01.14"]
[Round "5"]
[Board "6"]
[White "Genser, Harald"]
[Black "Hoellrigl, Wilfried"]
[Result "0-1"]
[WhiteElo "2298"]
[BlackElo "2234"]
[PlyCount "114"]

1.d4 Nf6 2.c4 c5 3.d5 b5 4.cxb5 a6 5.bxa6 Bxa6 6.Nc3 d6 7.Nf3 g6 8.g3 Bg7 9.Bg2
O-O 10.O-O Nbd7 11.Rb1 Qa5 12.Bd2 Rfb8 13.Qc2 Ng4 14.b3 Nge5 15.Nxe5 Nxe5 16.Ne4
Qc7 17.Bc3 Ra7 18.Rfe1 Rba8 19.Rb2 Bb7 20.Nd2 e6 21.f4 Nd7 22.Bxg7 Kxg7 23.e4
exd5 24.exd5 Nb6 25.Qc3+ Kg8 26.Qd3 Ra3 27.f5 c4 28.Nxc4 Ba6 29.Qb1 Bxc4 30.bxc4
Nxc4 31.Rbe2 Ne5 32.f6 Qd8 33.Rf1 h5 34.Be4 Qc7 35.Qc1 Qxc1 36.Rxc1 Rxa2 37.Rxa2
Rxa2 38.Rc8+ Kh7 39.h3 Ra7 40.Rd8 Ra4 41.Bg2 Ra6 42.Rc8 Kh6 43.Rc1 Ra3 44.Kh2
Kg5 45.Rf1 h4 46.gxh4+ Kxh4 47.Rb1 Ra2 48.Rb4+ Kg5 49.h4+ Kxf6 50.Rf4+ Kg7
51.Kg1 Ra1+ 52.Kh2 Rd1 53.Ra4 f5 54.Ra6 Rd3 55.Rxd6 Ng4+ 56.Kg1 Rd1+ 57.Bf1 Ne3

[Event "aut_chT04"]
[Site "Fuerstenfeld"]
[Date "2005.01.15"]
[Round "6"]
[Board "1"]
[White "Pinter, Jozsef"]
[Black "Bischoff, Klaus"]
[Result "1-0"]
[WhiteElo "2535"]
[BlackElo "2555"]
[PlyCount "63"]

1.d4 e6 2.c4 Nf6 3.Nf3 Bb4+ 4.Nc3 O-O 5.e3 b6 6.Bd3 Bb7 7.O-O c5 8.Na4 cxd4
9.exd4 Be7 10.Re1 d5 11.c5 Nc6 12.Bf4 Ne4 13.Rc1 g5 14.Be3 f5 15.cxb6 axb6
16.Bb5 Na7 17.Bf1 f4 18.Bd2 Bf6 19.Ne5 Bxe5 20.dxe5 Nc6 21.Nc3 Nxc3 22.Rxc3 Rf7
23.h4 Qf8 24.hxg5 Qg7 25.Rh3 Raf8 26.Bd3 Rf5 27.Bxf5 Rxf5 28.Qh5 Ne7 29.Qe8+ Rf8
30.Qd7 Bc8 31.Qc7 Qxg5 32.Bb4

[Event "aut_chT04"]
[Site "Fuerstenfeld"]
[Date "2005.01.15"]
[Round "6"]
[Board "2"]
[White "Prusikin, Michael"]
[Black "Balogh, Csaba"]
[Result "1/2-1/2"]
[WhiteElo "2540"]
[BlackElo "2519"]
[PlyCount "38"]

1.d4 Nf6 2.Nf3 e6 3.e3 c5 4.Bd3 b6 5.O-O Bb7 6.c4 Be7 7.Nc3 cxd4 8.exd4 d5
9.cxd5 Nxd5 10.Ne5 O-O 11.Qh5 Nf6 12.Qh4 Nbd7 13.Qh3 Re8 14.Re1 Rc8 15.Bg5 Nf8
16.Bb5 N6d7 17.Bxe7 Rxe7 18.Nxd7 Nxd7 19.d5 Nf8

[Event "aut_chT04"]
[Site "Fuerstenfeld"]
[Date "2005.01.15"]
[Round "6"]
[Board "3"]
[White "Fogarasi, Tibor"]
[Black "Horvath, Jozsef"]
[Result "1/2-1/2"]
[WhiteElo "2442"]
[BlackElo "2514"]
[PlyCount "42"]

1.e4 e5 2.Nf3 Nf6 3.Nxe5 d6 4.Nf3 Nxe4 5.d4 d5 6.Bd3 Nc6 7.O-O Be7 8.c4 Nb4
9.Be2 O-O 10.a3 Nc6 11.cxd5 Qxd5 12.Nc3 Nxc3 13.bxc3 Na5 14.Re1 Bd6 15.Nd2 Bd7
16.Bf3 Qf5 17.Nf1 Rae8 18.Ne3 Qf4 19.g3 Qf6 20.Kg2 Bc6 21.Bxc6 Nxc6

[Event "aut_chT04"]
[Site "Fuerstenfeld"]
[Date "2005.01.15"]
[Round "6"]
[Board "4"]
[White "Pilaj, Herwig"]
[Black "Baumegger, Siegfried"]
[Result "1/2-1/2"]
[WhiteElo "2426"]
[BlackElo "2417"]
[PlyCount "49"]

1.Nf3 Nf6 2.d4 g6 3.c4 Bg7 4.Nc3 O-O 5.e4 d6 6.Be2 e5 7.Be3 c6 8.O-O exd4 9.Bxd4
Qe7 10.Re1 Nbd7 11.Bf1 Ne5 12.h3 Nh5 13.Be3 Nxf3+ 14.Qxf3 Be5 15.g3 b6 16.Rac1
Bb7 17.Bg2 Rfe8 18.Qd1 Qc7 19.Qd2 Rad8 20.Bg5 Bf6 21.Be3 Ng7 22.b3 Qb8 23.Rcd1
Ne6 24.Qc2 c5 25.Nd5

[Event "aut_chT04"]
[Site "Fuerstenfeld"]
[Date "2005.01.15"]
[Round "6"]
[Board "5"]
[White "Kuba, Guenter"]
[Black "Hoelzl, Franz"]
[Result "1-0"]
[WhiteElo "2364"]
[BlackElo "2370"]
[PlyCount "52"]

1.e4 c5 2.Nf3 d6 3.Bb5+ Nc6 4.O-O Bd7 5.Re1 Nf6 6.c3 a6 7.Bf1 Bg4 8.h3 Bh5 9.d3
d5 10.e5 Nd7 11.g4 Bg6 12.e6 fxe6 13.Ng5 e5 14.Qb3 Nf6 15.f4 Qd6 16.Qxb7 Rb8
17.Qxa6 Nd7 18.f5 h6 19.Ne6 Bf7 20.Na3 Bxe6 21.fxe6 Qxe6 22.Nb5 Kd8 23.Na7 Nb6
24.Bf4 Nxa7 25.Qxa7 Nd7 26.Bxe5 Rc8

[Event "aut_chT04"]
[Site "Fuerstenfeld"]
[Date "2005.01.15"]
[Round "6"]
[Board "6"]
[White "Genser, Harald"]
[Black "Wach, Markus"]
[Result "0-1"]
[WhiteElo "2298"]
[BlackElo "2369"]
[PlyCount "216"]

1.d4 f5 2.c4 Nf6 3.g3 e6 4.Bg2 Be7 5.Nf3 O-O 6.O-O Ne4 7.Nbd2 Bf6 8.Nxe4 fxe4
9.Ne5 d5 10.Ng4 Nc6 11.Nxf6+ Qxf6 12.Be3 Na5 13.b3 b6 14.f3 Qd8 15.fxe4 dxc4
16.Rxf8+ Qxf8 17.Bd2 e5 18.Bxa5 bxa5 19.Rc1 Bg4 20.h3 Bh5 21.Rxc4 exd4 22.Rxd4
Qc5 23.g4 Bf7 24.e3 Re8 25.Qd2 Qg5 26.Qf2 c5 27.Rd1 c4 28.bxc4 Bxc4 29.Bf1 Be6
30.Qf4 Qc5 31.Rd2 Rf8 32.Qg3 Qb4 33.Rf2 Rxf2 34.Qxf2 a4 35.Qc2 a3 36.Qc6 Bxa2
37.Qc8+ Qf8 38.Bc4+ Bxc4 39.Qxc4+ Kh8 40.e5 h6 41.e6 Qb8 42.Kg2 Qb2+ 43.Kf3 a2
44.e7 Qf6+ 45.Ke2 Qxe7 46.Qxa2 Qb7 47.Qa4 Kh7 48.Kf2 Qb2+ 49.Kg3 Qe5+ 50.Kf3 a5
51.Qc2+ Kg8 52.Qc4+ Kf8 53.h4 Ke7 54.Qc8 Qf6+ 55.Kg3 Qd6+ 56.Kh3 Qe5 57.Qb7+ Kd8
58.Qa7 Kc8 59.Qb6 Kd7 60.Qa7+ Ke6 61.Qb6+ Kf7 62.Qb7+ Kf6 63.Qc6+ Ke7 64.Qb7+
Kd8 65.Qa7 Kc8 66.Qa8+ Kc7 67.Qa7+ Kd6 68.Qa6+ Ke7 69.Qb7+ Kd8 70.Qa8+ Kd7
71.Qb7+ Qc7 72.Qd5+ Ke7 73.Qe4+ Kd6 74.Qd4+ Kc6 75.Qb2 Qd7 76.Qc3+ Kb6 77.h5 a4
78.Qb4+ Ka6 79.Qc5 Qe6 80.Qd4 Kb5 81.Qa7 Qe5 82.Qb7+ Kc5 83.Qa7+ Kb4 84.Qb6+ Kc3
85.Qc6+ Kb3 86.Qb7+ Ka2 87.Qf7+ Ka3 88.Qf8+ Ka2 89.Qf7+ Ka3 90.Qf8+ Kb3 91.Qf7+
Kc3 92.Qa7 Kb4 93.Qb7+ Ka3 94.Qa7 Qc3 95.Qb6 Ka2 96.Qa7 a3 97.Qf7+ Kb2 98.Qb7+
Kc1 99.Qh1+ Kd2 100.Kh4 Qxe3 101.Qd5+ Kc3 102.Qc6+ Kb2 103.Qb7+ Kc2 104.Qg2+ Kd3
105.Qd5+ Ke2 106.Qa2+ Kf1 107.Qb1+ Kg2 108.Qb7+ Qf3

[Event "aut_chT04"]
[Site "Fuerstenfeld"]
[Date "2005.01.15"]
[Round "6"]
[Board "1"]
[White "Wells, Peter"]
[Black "Boensch, Uwe"]
[Result "1/2-1/2"]
[WhiteElo "2519"]
[BlackElo "2540"]
[PlyCount "43"]

1.c4 e6 2.g3 d5 3.Bg2 dxc4 4.Qa4+ Nd7 5.Qxc4 c5 6.d3 Ne7 7.Nc3 a6 8.Qb3 Nf5
9.Nf3 Be7 10.O-O O-O 11.a4 Nd4 12.Nxd4 cxd4 13.Ne4 a5 14.Qc2 Ra7 15.Nd2 b6
16.Nc4 Bc5 17.Bd2 Bb7 18.Bxb7 Rxb7 19.Rfc1 Qe7 20.Qb3 Ra7 21.Qb5 h6 22.Rab1

[Event "aut_chT04"]
[Site "Fuerstenfeld"]
[Date "2005.01.15"]
[Round "6"]
[Board "2"]
[White "Schlosser, Philipp"]
[Black "Horvath, Adam"]
[Result "1-0"]
[WhiteElo "2570"]
[BlackElo "2538"]
[PlyCount "75"]

1.e4 c5 2.Nf3 Nc6 3.d4 cxd4 4.Nxd4 e5 5.Nb5 d6 6.N1c3 a6 7.Na3 b5 8.Nd5 Nge7
9.c4 Nxd5 10.exd5 Nd4 11.Be3 Nf5 12.Bd2 Be7 13.Bd3 Bf6 14.O-O e4 15.Bxe4 Bxb2
16.Rb1 Bxa3 17.Qf3 O-O 18.Qxa3 bxc4 19.Rfc1 Bd7 20.Rxc4 Bb5 21.Rcb4 Ne7 22.Qg3
Ng6 23.a4 Be8 24.Bd3 a5 25.Rb6 Bxa4 26.Rxd6 Qe7 27.Re1 Qb7 28.h4 Qb2 29.Bg5 Rfe8
30.Rxe8+ Rxe8 31.h5 Nf8 32.h6 g6 33.Qf4 Qa1+ 34.Kh2 Nd7 35.Ra6 Nc5 36.Ra7 f6
37.Rg7+ Kh8 38.Bxf6

[Event "aut_chT04"]
[Site "Fuerstenfeld"]
[Date "2005.01.15"]
[Round "6"]
[Board "3"]
[White "Kotz, Heinz Peter"]
[Black "Stangl, Markus"]
[Result "0-1"]
[WhiteElo "2347"]
[BlackElo "2478"]
[PlyCount "114"]

1.e4 c5 2.Nf3 e6 3.d4 cxd4 4.Nxd4 a6 5.Nc3 d6 6.f4 Nf6 7.Bd3 b5 8.a3 Bb7 9.O-O
Nbd7 10.Kh1 Rc8 11.Qe2 Nc5 12.Nb3 Nxd3 13.cxd3 Be7 14.Be3 O-O 15.Rac1 e5 16.Rfd1
Qd7 17.Qf3 Ba8 18.Rd2 Qe6 19.Qd1 g6 20.Rf2 Ng4 21.Rf3 Nxe3 22.Rxe3 exf4 23.Rf3
f5 24.Nd4 Qe5 25.Qb3+ Kh8 26.Ne6 Rf6 27.Ng5 fxe4 28.Ngxe4 Bxe4 29.dxe4 Qxe4
30.Rcf1 Qc4 31.Qxc4 Rxc4 32.Nd5 Rf7 33.Nxf4 Rf5 34.g4 Re5 35.Kg2 Kg8 36.Kg3 d5
37.Nd3 Re2 38.R1f2 Bd6+ 39.Kh3 Rcc2 40.Kg2 Rcd2 41.Rxe2 Rxe2+ 42.Rf2 Re3 43.Rf3
Rxf3 44.Kxf3 Bxh2 45.Nb4 Be5 46.b3 Kf7 47.Nxd5 Ke6 48.Ke4 Bd6 49.a4 b4 50.Ne3 h5
51.gxh5 gxh5 52.Nd1 Bg3 53.Kf3 h4 54.Ne3 Ke5 55.Nc2 a5 56.Ne3 Kd4 57.Nc4 Bc7

[Event "aut_chT04"]
[Site "Fuerstenfeld"]
[Date "2005.01.15"]
[Round "6"]
[Board "4"]
[White "Lehner, Oliver"]
[Black "Fahrner, Kurt"]
[Result "1/2-1/2"]
[WhiteElo "2406"]
[BlackElo "2339"]
[PlyCount "64"]

1.e4 e5 2.Nf3 Nc6 3.Bb5 Bc5 4.O-O Nd4 5.Nxd4 Bxd4 6.c3 Bb6 7.d4 c6 8.Ba4 d6
9.Na3 Nf6 10.d5 O-O 11.Bg5 cxd5 12.exd5 h6 13.Bxf6 Qxf6 14.Nc4 Bd8 15.Kh1 Rb8
16.Bc2 b5 17.Ne3 g6 18.Qd2 a5 19.Rae1 Qg7 20.f3 h5 21.Qf2 Bb6 22.Qh4 f5 23.Bd3
Bd7 24.f4 Rbe8 25.a4 bxa4 26.fxe5 Bd8 27.Qc4 Rxe5 28.Nc2 Rfe8 29.Rxe5 dxe5
30.d6+ Kh7 31.Ne3 e4 32.Bc2 a3

[Event "aut_chT04"]
[Site "Fuerstenfeld"]
[Date "2005.01.15"]
[Round "6"]
[Board "5"]
[White "Kastner, Walter"]
[Black "Weinzettl, Ernst"]
[Result "1/2-1/2"]
[WhiteElo "2240"]
[BlackElo "2360"]
[PlyCount "165"]

1.Nf3 d5 2.c4 e6 3.g3 Nf6 4.Bg2 Be7 5.O-O O-O 6.d4 c5 7.cxd5 exd5 8.Nc3 Nc6
9.Bg5 cxd4 10.Nxd4 h6 11.Be3 Re8 12.Rc1 Bf8 13.Nxc6 bxc6 14.Bd4 Nd7 15.Na4 Ba6
16.Re1 Bb4 17.Bc3 Bxc3 18.Nxc3 Ne5 19.Qc2 Rb8 20.b3 Qa5 21.Red1 Rbd8 22.Rd4 Qc5
23.e3 Qe7 24.Na4 Bc8 25.h3 Rd6 26.Nc5 Rf6 27.Rf4 g5 28.Rxf6 Qxf6 29.Qd1 g4 30.h4
Nf3+ 31.Bxf3 gxf3 32.Qd4 Qxd4 33.exd4 Bf5 34.g4 Bxg4 35.Nd3 Re4 36.Rxc6 Rxd4
37.Ne5 h5 38.Rc7 f5 39.Rxa7 f4 40.Ra4 Rd1+ 41.Kh2 d4 42.Ng6 Rf1 43.Rxd4 Rxf2+
44.Kg1 Rg2+ 45.Kf1 Bh3 46.Rd8+ Kg7 47.Nxf4 Rd2+ 48.Nxh3 Rxd8 49.Nf4 Kh6 50.Kf2
Rd2+ 51.Kxf3 Rxa2 52.Nd3 Rd2 53.Ke4 Rh2 54.b4 Rxh4+ 55.Kd5 Rg4 56.b5 h4 57.b6
Rg5+ 58.Ne5 h3 59.b7 h2 60.b8=Q h1=Q+ 61.Kd4 Qd1+ 62.Ke4 Qc2+ 63.Kd4 Qd2+ 64.Ke4
Qg2+ 65.Kd4 Qf2+ 66.Ke4 Qf5+ 67.Kd4 Qf4+ 68.Kd5 Qf7+ 69.Kd4 Qf6 70.Ke4 Qf5+
71.Kd4 Qf6 72.Ke4 Kh7 73.Qc7+ Rg7 74.Qc8 Qh4+ 75.Kd5 Qh1+ 76.Kd4 Qg1+ 77.Ke4
Qg2+ 78.Kd4 Qf2+ 79.Ke4 Qe2+ 80.Kd4 Qd1+ 81.Ke4 Qb1+ 82.Kd4 Qb2+ 83.Kd5

[Event "aut_chT04"]
[Site "Fuerstenfeld"]
[Date "2005.01.15"]
[Round "6"]
[Board "6"]
[White "Hoellrigl, Wilfried"]
[Black "Stoll, Thomas"]
[Result "1-0"]
[WhiteElo "2234"]
[BlackElo "2213"]
[PlyCount "89"]

1.e4 c5 2.Nf3 d6 3.Bb5+ Bd7 4.Bxd7+ Qxd7 5.O-O Nf6 6.Qe2 Nc6 7.c3 e6 8.d4 cxd4
9.cxd4 d5 10.e5 Ne4 11.Rd1 Be7 12.Ne1 h6 13.f3 Ng5 14.Nc3 O-O 15.f4 Nh7 16.Nf3
Rac8 17.Be3 Na5 18.Rac1 a6 19.b3 b5 20.Qd3 Ba3 21.Rc2 Nc6 22.Rf2 Rc7 23.Nb1 Be7
24.a3 Rfc8 25.g4 a5 26.f5 f6 27.Kh1 Ng5 28.Bxg5 hxg5 29.Nxg5 fxg5 30.f6 Bxf6
31.exf6 Qf7 32.Rdf1 g6 33.Qe3 a4 34.bxa4 bxa4 35.Nd2 Nd8 36.Qxg5 Qh7 37.Qe5 Rc6
38.f7+ Kf8 39.Rf6 R6c7 40.Nf3 Rxf7 41.Ng5 Qg8 42.Nxf7 Nxf7 43.Qxe6 Rc7 44.Qd6+
Re7 45.Re6

[Event "aut_chT04"]
[Site "Fuerstenfeld"]
[Date "2005.01.15"]
[Round "6"]
[Board "1"]
[White "Lanka, Zigurds"]
[Black "Groszpeter, Attila"]
[Result "1-0"]
[WhiteElo "2455"]
[BlackElo "2524"]
[PlyCount "81"]

1.e4 c6 2.d4 d5 3.exd5 cxd5 4.c4 e6 5.Nc3 Bb4 6.Nf3 Ne7 7.Qc2 Nbc6 8.a3 Bxc3+
9.bxc3 Bd7 10.cxd5 exd5 11.Bd3 Qc8 12.Nh4 Ng6 13.Nf5 O-O 14.O-O Qc7 15.Ne3 Nce7
16.a4 Rfc8 17.Bd2 h6 18.g3 Bh3 19.Rfe1 Nf8 20.f4 Nd7 21.Nd1 Nf6 22.Nf2 Bg4
23.Kg2 Nc6 24.Qa2 Bd7 25.f5 Re8 26.Bf4 Qa5 27.Qb2 Qb6 28.Qd2 Na5 29.Rab1 Qc6
30.Bb5 Qc8 31.Bxh6 Rxe1 32.Rxe1 Bxb5 33.Bxg7 Nh7 34.Qh6 Qxf5 35.axb5 Nc4 36.Be5
Qg5 37.Qh3 Re8 38.Qd7 Re7 39.Qd8+ Nf8 40.Bf4 Qxf4 41.Qxe7

[Event "aut_chT04"]
[Site "Fuerstenfeld"]
[Date "2005.01.15"]
[Round "6"]
[Board "2"]
[White "Tibensky, Robert"]
[Black "Maiwald, Jens-Uwe"]
[Result "0-1"]
[WhiteElo "2442"]
[BlackElo "2514"]
[PlyCount "148"]

1.d4 g6 2.Nf3 Bg7 3.c3 d6 4.Bg5 h6 5.Bh4 Nf6 6.Nbd2 O-O 7.e3 Nbd7 8.Be2 e5 9.O-O
Qe8 10.Ne1 Kh8 11.Nc2 Nd5 12.Bf3 Ne7 13.e4 f5 14.Bxe7 Qxe7 15.dxe5 Nxe5 16.exf5
Nxf3+ 17.Nxf3 Bxf5 18.Ne3 Be4 19.Nd2 Bc6 20.Nb3 Qf7 21.Nd4 Bd7 22.Qf3 Qxf3
23.Nxf3 Rae8 24.Rad1 Rf7 25.Rfe1 Rfe7 26.Nd4 d5 27.Ndc2 c6 28.f3 Kg8 29.Kf2 Kf8
30.Nf1 Rxe1 31.Nxe1 Bc8 32.Ne3 Be5 33.g3 Bc7 34.N1c2 Kf7 35.f4 g5 36.Kf3 gxf4
37.gxf4 Rg8 38.Ne1 Kf6 39.N1g2 Bb6 40.a3 Be6 41.Rd2 h5 42.b4 Re8 43.a4 a6 44.a5
Ba7 45.Rd1 Re7 46.Rd2 Bg8 47.Nf1 Be6 48.Nge3 Bh3 49.Rd3 Kg6 50.Rd2 Re8 51.Rd3 h4
52.Nd2 Kh5 53.Nb3 Bb8 54.Nd4 Re4 55.Ne2 Ba7 56.Nd4 Bb8 57.Ne2 Re7 58.Rd1 Ba7
59.Nd4 Rg7 60.Ndf5 Rg6 61.Nd4 Bb8 62.Re1 Rf6 63.Ne2 Rg6 64.Rg1 Rxg1 65.Nxg1 Bc8
66.Ne2 Bd6 67.Nd4 Kg6 68.Nb3 Be7 69.Nc5 Bf6 70.Nd1 Kh5 71.Ke3 Bg4 72.Nf2 Bxc3
73.Nfd3 Bf5 74.Na4 d4+

[Event "aut_chT04"]
[Site "Fuerstenfeld"]
[Date "2005.01.15"]
[Round "6"]
[Board "3"]
[White "Gross, David"]
[Black "Ganaus, Hannes"]
[Result "1/2-1/2"]
[WhiteElo "2465"]
[BlackElo "2315"]
[PlyCount "77"]

1.e4 c6 2.d4 d5 3.Nd2 dxe4 4.Nxe4 Bf5 5.Ng3 Bg6 6.h4 h6 7.Nf3 e6 8.Ne5 Bh7 9.Bd3
Bxd3 10.Qxd3 Nd7 11.Bf4 Ngf6 12.O-O-O Bd6 13.Kb1 Qc7 14.Ne4 Nxe4 15.Qxe4 Nxe5
16.dxe5 Bc5 17.Qf3 Rd8 18.Qg3 g6 19.h5 g5 20.Rxd8+ Kxd8 21.Be3 Bxe3 22.Qxe3 Qa5
23.Qf3 Qxe5 24.Qxf7 Kc8 25.Rd1 a5 26.a4 Qe2 27.Rd3 Rd8 28.Rb3 Rd7 29.Qe8+ Rd8
30.Qf7 Rd7 31.Qf8+ Kc7 32.Qc5 Qd1+ 33.Ka2 Qd5 34.Qb6+ Kb8 35.f3 e5 36.Ka3 Qd6+
37.Ka2 Qd5 38.Ka3 Qd6+ 39.Ka2

[Event "aut_chT04"]
[Site "Fuerstenfeld"]
[Date "2005.01.15"]
[Round "6"]
[Board "4"]
[White "Franzen, Jozef"]
[Black "Tabernig, Bernhard"]
[Result "1/2-1/2"]
[WhiteElo "2390"]
[BlackElo "2344"]
[PlyCount "84"]

1.Nf3 d5 2.g3 c6 3.Bg2 Bf5 4.O-O Nd7 5.d3 e5 6.e4 dxe4 7.Nh4 Be6 8.dxe4 Ngf6
9.Nd2 Qc7 10.Qe2 O-O-O 11.Nc4 Nb6 12.Ne3 h5 13.a4 Kb8 14.a5 Nc8 15.Nc4 Nd7
16.Bd2 Nd6 17.Nxd6 Bxd6 18.b4 g6 19.Nf3 f6 20.Rfb1 g5 21.c4 c5 22.b5 Qc8 23.Ne1
h4 24.Nc2 Nf8 25.Ne3 Bh3 26.Bh1 Ne6 27.a6 Nd4 28.Qd1 hxg3 29.fxg3 b6 30.Bc3 Be6
31.Rb2 Rh6 32.Rf2 Be7 33.Bxd4 Rxd4 34.Qe2 Rh7 35.Nd5 Qd8 36.Raf1 Bxd5 37.exd5
Qd6 38.Be4 Rh6 39.Rd1 Kc7 40.Kg2 Qd8 41.Qf3 Bd6 42.Rc2 Qh8

[Event "aut_chT04"]
[Site "Fuerstenfeld"]
[Date "2005.01.15"]
[Round "6"]
[Board "5"]
[White "Kroell, Johannes"]
[Black "Wallner, Joachim"]
[Result "0-1"]
[WhiteElo "2234"]
[BlackElo "2278"]
[PlyCount "78"]

1.Nc3 d5 2.e4 e6 3.f4 dxe4 4.Nxe4 Bd7 5.Nf3 Bc6 6.Nf2 Nf6 7.d4 Be7 8.Ne5 O-O
9.Nxc6 Nxc6 10.c3 Qd5 11.Be2 Qxg2 12.Bf3 Qg6 13.Kf1 Qf5 14.Rg1 h6 15.a4 Rad8
16.Qe2 Na5 17.Be3 c5 18.Ng4 Nxg4 19.Bxg4 Qf6 20.Re1 Nb3 21.dxc5 Bxc5 22.Bxc5
Nxc5 23.Qe5 Qxe5 24.Rxe5 Nxa4 25.Rb5 b6 26.Ke2 Rd7 27.f5 exf5 28.Bxf5 Re8+
29.Kf3 Rd6 30.Ra1 a6 31.Rb4 Nc5 32.h4 Rf6 33.Rf4 g6 34.Bc2 Rxf4+ 35.Kxf4 Re2
36.Rc1 a5 37.b4 axb4 38.cxb4 Ne6+ 39.Kg3 Re3+

[Event "aut_chT04"]
[Site "Fuerstenfeld"]
[Date "2005.01.15"]
[Round "6"]
[Board "6"]
[White "Chulis, Alexander"]
[Black "Schiestl, Josef"]
[Result "0-1"]
[WhiteElo "2152"]
[BlackElo "2139"]
[PlyCount "98"]

1.e4 c5 2.Ne2 Nc6 3.c4 g6 4.d4 cxd4 5.Nxd4 Bg7 6.Be3 d6 7.Nc3 Nf6 8.Be2 O-O
9.O-O Bd7 10.f3 Qb6 11.Ncb5 a6 12.Nc2 Qa5 13.Nbd4 Rab8 14.b4 Qc7 15.Rc1 Rfc8
16.Nb3 Be6 17.Qd2 Ne5 18.Ncd4 Bd7 19.h3 Nc6 20.a3 Nh5 21.Rfd1 Nf6 22.Bf1 Nxd4
23.Nxd4 Ba4 24.Re1 Bd7 25.Qf2 e5 26.Ne2 Be6 27.Nc3 Qe7 28.Red1 h5 29.c5 dxc5
30.Bxc5 Qe8 31.Bd6 Ra8 32.Qb6 Bh6 33.Bxe5 Nd7 34.Rxd7 Qxd7 35.Nd5 Bxd5 36.Qf6
Kh7 37.Rd1 Rc6 38.Rxd5 Qe8 39.Rd6 Rxd6 40.Qxd6 Rc8 41.Bb2 Bc1 42.Qd4 Bxb2
43.Qxb2 Qh8 44.e5 Qd8 45.Be2 Qb6+ 46.Kh2 Qe3 47.Bf1 Rc1 48.Qe2 Qxe2 49.Bxe2 Ra1

[Event "aut_chT04"]
[Site "Fuerstenfeld"]
[Date "2005.01.15"]
[Round "6"]
[Board "1"]
[White "Gyimesi, Zoltan"]
[Black "Milov, Vadim"]
[Result "1/2-1/2"]
[WhiteElo "2602"]
[BlackElo "2668"]
[PlyCount "72"]

1.d4 g6 2.e4 Bg7 3.Nc3 d6 4.Be3 c6 5.Qd2 b5 6.h4 h6 7.f3 Nd7 8.g4 Nb6 9.b3 Nf6
10.Nge2 Qc7 11.Ng3 a5 12.Rd1 h5 13.g5 Nfd7 14.f4 b4 15.Nce2 c5 16.c4 bxc3
17.Nxc3 O-O 18.Be2 cxd4 19.Bxd4 Bxd4 20.Qxd4 Bb7 21.O-O Rfc8 22.Rc1 Qc5 23.Qxc5
Rxc5 24.Bd3 Rac8 25.Nce2 Rxc1 26.Rxc1 Nc5 27.Bb1 Kf8 28.Kf2 a4 29.b4 Na6
30.Rxc8+ Bxc8 31.b5 Nc5 32.Nc3 e5 33.f5 Bd7 34.f6 Ke8 35.Nge2 Kd8 36.Nc1 Ne6

[Event "aut_chT04"]
[Site "Fuerstenfeld"]
[Date "2005.01.15"]
[Round "6"]
[Board "2"]
[White "Ruck, Robert"]
[Black "Ftacnik, Lubomir"]
[Result "1/2-1/2"]
[WhiteElo "2554"]
[BlackElo "2539"]
[PlyCount "76"]

1.Nf3 Nf6 2.c4 c5 3.Nc3 e6 4.g3 b6 5.Bg2 Bb7 6.O-O Be7 7.Re1 d5 8.cxd5 Nxd5 9.e4
Nb4 10.d4 cxd4 11.Nxd4 N8c6 12.Nxc6 Qxd1 13.Rxd1 Bxc6 14.Bf4 g5 15.Bd6 Bxd6
16.Rxd6 Rd8 17.Rxd8+ Kxd8 18.a3 Na6 19.e5 Bxg2 20.Kxg2 Nc5 21.Nb5 a5 22.Nd6 Ke7
23.Rc1 a4 24.Nb7 Rb8 25.Nxc5 bxc5 26.Rxc5 Rxb2 27.Ra5 h5 28.Rxa4 Re2 29.Ra5 g4
30.Rb5 Ra2 31.Rb3 Kf8 32.Rb8+ Kg7 33.Ra8 Kh7 34.a4 Kg7 35.Kf1 Kg6 36.a5 Kf5
37.Ra7 Kxe5 38.Rxf7 Rxa5

[Event "aut_chT04"]
[Site "Fuerstenfeld"]
[Date "2005.01.15"]
[Round "6"]
[Board "3"]
[White "Babula, Vlastimil"]
[Black "Ribli, Zoltan"]
[Result "1/2-1/2"]
[WhiteElo "2566"]
[BlackElo "2603"]
[PlyCount "43"]

1.d4 d5 2.c4 c6 3.Nf3 Nf6 4.Nc3 dxc4 5.a4 Bf5 6.Ne5 Nbd7 7.Nxc4 Qc7 8.g3 e5
9.dxe5 Nxe5 10.Bf4 Nfd7 11.Bg2 f6 12.O-O Nc5 13.Ne3 Be6 14.b4 Rd8 15.Qb1 Nb3
16.Ned5 cxd5 17.Qxb3 Qc4 18.Qxc4 Nxc4 19.Rfd1 Bxb4 20.Nxd5 Ba5 21.Rab1 Rd7
22.Rbc1